QUERETANAS 97 (Registro nro. 68611)
[ vista simple ]
| 000 -CABECERA | |
|---|---|
| campo de control de longitud fija | 00890nam a22002297a 4500 |
| 003 - IDENTIFICADOR DEL NÚMERO DE CONTROL | |
| campo de control | BPGM |
| 008 - DATOS DE LONGITUD FIJA--INFORMACIÓN GENERAL | |
| campo de control de longitud fija | 260617s mx a||||r|||| 001 | spa d |
| 020 ## - NÚMERO INTERNACIONAL ESTÁNDAR DEL LIBRO | |
| Número Internacional Estándar del Libro | SIN ISBN |
| 040 ## - FUENTE DE LA CATALOGACIÓN | |
| Lengua de catalogación | SPA |
| 041 ## - CÓDIGO DE LENGUA | |
| Código de lengua del texto/banda sonora o título independiente | SPA |
| Código de lengua original | SPA |
| 082 04 - NÚMERO DE LA CLASIFICACIÓN DECIMAL DEWEY | |
| Número de edición | PRIMERA EDICIÓN |
| Número de clasificación | PTM / 868.6409 |
| Número de documento/Ítem | F53 |
| 100 ## - ENTRADA PRINCIPAL--NOMBRE DE PERSONA | |
| Nombre de persona | FIGUEROA, JULIO |
| 245 ## - MENCIÓN DE TÍTULO | |
| Título | QUERETANAS 97 |
| Resto del título | BITÁCORA POLÍTICA PERSONAL |
| 260 ## - PUBLICACIÓN, DISTRIBUCIÓN, ETC. | |
| Lugar de publicación, distribución, etc. | QUERÉTARO, MÉXICO |
| Nombre del editor, distribuidor, etc. | EDICIONES SANGREMAL |
| Fecha de publicación, distribución, etc. | 1999 |
| 300 ## - DESCRIPCIÓN FÍSICA | |
| Extensión | 204 PÁGINAS; |
| Dimensiones | 21.4 CM X 14.6 CM |
| 336 ## - TIPO DE CONTENIDO | |
| Fuente | rdacontent |
| Término de tipo de contenido | texto |
| Código de tipo de contenido | txt |
| 337 ## - TIPO DE MEDIO | |
| Fuente | rdamedia |
| Nombre/término del tipo de medio | sin mediación |
| Código del tipo de medio | n |
| 338 ## - TIPO DE SOPORTE | |
| Fuente | rdacarrier |
| Nombre/término del tipo de soporte | volumen |
| Código del tipo de soporte | nc |
| 505 ## - NOTA DE CONTENIDO CON FORMATO | |
| Nota de contenido con formato | AQUÍ ESTÁN COMPRIMIDAS LAS TRES COSAS Y ALGO MÁS: LA OBSESIÓN PERSONAL POR LO QUE SUCEDE AL OTRO Y POR LO QUE EL OTRO HACE QUE SUCEDA ES LA REVUELTA DE LOS GÉNEROS PARA LEVANTAR ACTA DE UN TIEMPO TURBULENTO QUE AÚN HUMEA. |
| 650 ## - PUNTO DE ACCESO ADICIONAL DE MATERIA--TÉRMINO DE MATERIA | |
| Fuente del encabezamiento o término | ESCRITOS VARIOS ESPAÑOLES |
| 942 ## - ELEMENTOS DE PUNTO DE ACCESO ADICIONAL (KOHA) | |
| Fuente del sistema de clasificación o colocación | Dewey Decimal Classification |
| Tipo de ítem Koha | Colección Querétaro |
| Estado de retiro | Estado de pérdida | Fuente del sistema de clasificación o colocación | Estado dañado | No para préstamo | Código de colección | Localización permanente | Ubicación/localización actual | Ubicación en estantería | Fecha de adquisición | Fuente de adquisición | Información codificada de la localización en otra ubicación | Número de inventario | Total de préstamos | Signatura topográfica completa | Fecha visto por última vez | Número de copia | Precio válido a partir de | Tipo de ítem Koha |
|---|---|---|---|---|---|---|---|---|---|---|---|---|---|---|---|---|---|---|
| Dewey Decimal Classification | Préstamo en Sala | Colección General BFC | BIBLIOTECA PÚBLICA CENTRAL ESTATAL “FRANCISCO CERVANTES” | BIBLIOTECA PÚBLICA CENTRAL ESTATAL “FRANCISCO CERVANTES” | ACCESO "A" PLANTA ALTA | 06/17/2026 | DONACIÓN | ACCESO "A" | EJ. 1 | CQ / 000 / 015 | 06/17/2026 | EJ. 1 | 06/17/2026 | Colección Querétaro | ||||
| Dewey Decimal Classification | Colección General BFC | BIBLIOTECA PÚBLICA CENTRAL ESTATAL “FRANCISCO CERVANTES” | BIBLIOTECA PÚBLICA CENTRAL ESTATAL “FRANCISCO CERVANTES” | ACCESO "A" PLANTA ALTA | 06/17/2026 | DONACIÓN | ACCESO "A" | EJ. 2 | CQ / 000 / 015 | 06/17/2026 | EJ. 2 | 06/17/2026 | Colección Querétaro | |||||
| Dewey Decimal Classification | Colección General BFC | BIBLIOTECA PÚBLICA CENTRAL ESTATAL “FRANCISCO CERVANTES” | BIBLIOTECA PÚBLICA CENTRAL ESTATAL “FRANCISCO CERVANTES” | ACCESO "A" PLANTA ALTA | 06/17/2026 | DONACIÓN | ACCESO "A" | EJ. 3 | CQ / 000 / 015 | 06/17/2026 | EJ. 3 | 06/17/2026 | Colección Querétaro |